Marketing / (Record no. 1181)

MARC details
000 -LEADER
fixed length control field 00836nac a22002291u 4500
010 ## - LIBRARY OF CONGRESS CONTROL NUMBER
LC control number 2002075815
020 ## - INTERNATIONAL STANDARD BOOK NUMBER
International Standard Book Number 9812435123
082 00 - DEWEY DECIMAL CLASSIFICATION NUMBER
Classification number 658.8
Item number L2181
090 ## - LOCALLY ASSIGNED LC-TYPE CALL NUMBER (OCLC); LOCAL CALL NUMBER (OCLC)
-- 1181
-- 1181
100 ## - MAIN ENTRY--PERSONAL NAME
Personal name Lamb, Charles W.
245 10 - TITLE STATEMENT
Title Marketing /
Statement of responsibility, etc Charles W. Lamb, Jr., Joseph F. Hair, Jr., Carl McDaniel.
250 ## - EDITION STATEMENT
Edition statement 7th ed.
260 ## - PUBLICATION, DISTRIBUTION, ETC. (IMPRINT)
Place of publication, distribution, etc Australia :
Name of publisher, distributor, etc Thomson/South-Western,
Date of publication, distribution, etc c2004.
300 ## - PHYSICAL DESCRIPTION
Extent xxxviii, 774 p. :
Other physical details col. ill. ;
Dimensions 29 cm.
504 ## - BIBLIOGRAPHY, ETC. NOTE
Bibliography, etc Includes bibliographical references (p. 742-744) and index.
650 #0 - SUBJECT ADDED ENTRY--TOPICAL TERM
Topical term or geographic name as entry element Marketing.
650 #0 - SUBJECT ADDED ENTRY--TOPICAL TERM
Topical term or geographic name as entry element Marketing
General subdivision Management.
700 1# - ADDED ENTRY--PERSONAL NAME
Personal name Hair, Joseph F.
700 1# - ADDED ENTRY--PERSONAL NAME
Personal name McDaniel, Carl D.
942 ## - ADDED ENTRY ELEMENTS (KOHA)
Item type Book - Borrowing
Call number prefix 658.8L2181
Holdings
Withdrawn status Item status Damaged status Not for loan Home library Current library Shelving location Date acquired Source of acquisition Total Checkouts Total Renewals Full call number Barcode Date last seen Date last borrowed Koha item type
        Central Library Central Library First floor 24/08/2006 Purchase 8 22 658.8 LAM 000003311 15/07/2025 19/11/2018 Book - Borrowing